000 00778nam a22002297a 4500
003 0
005 20160609165347.0
008 100204t xxu||||| |||| 00| 0 eng d
020 _a978-2-87209-858-3
040 _aBUAC
_bFr.
_cBUC
041 _aFr.
082 _a82.08
100 _aFenoglio, Irène
_cDir.
_93436
245 _aL'Ecriture et le souci de la langue
_b : Ecrivains, linguistes ;témoignages e traces manuscrites
_c/Irène Fenoglio ; Michèl Arrivé, Jacqueline Authier-Revuz, et. Al.
260 _aBruxeles
_bBruylant-Academia
_c2007
300 _a198p.
_c24 cm
440 _aAu coeur des textes
_n7
_93437
600 _aArrivé, Michel
_cCollab.
_93438
600 _aAuthier-Revuz, Jacquelie
_cCollab.
_93439
650 _aLangue : métier
_93440
942 _cLIVR
999 _c46897
_d46897